00387nam a22000857a 4500008004100000010001400041245018900055260000900244500004800253110705t xxu||||| |||| 00| 0 eng d aHCCA F140 aThe High Court Criminal Appeal No. 54 of 1999 Arising from Criminal Case No. MN337 of 1998 of Magesrate Grade 1 of Mengo Chief Magestrate's Court at Nakawa Asulu Peter Vs Uganda  c1999 aDated at Kampala this 1st day of June, 1999